Prídavky na deti po novom

Zásadné zmeny, tvoriace obsah novelizácie zákona NR SR č.193/1994 Z.z. o prídavkoch na deti a o príplatku k prídavkom na deti. Zákon nadobúda účinnosť 1. júlom 1995.

Gespeichert in:
Bibliographische Detailangaben
1. Verfasser: Preisinger, M.
Format: Buchkapitel
Sprache:Slowakisch
Schlagworte:
Tags: Tag hinzufügen
Keine Tags, Fügen Sie das erste Tag hinzu!

MARC

LEADER 00000naa a2200000 4500
001 r017439
005 20221213100242.2
041 0 |a slo 
044 |a SK 
245 1 0 |a Prídavky na deti po novom  |c M. Preisinger 
520 |a Zásadné zmeny, tvoriace obsah novelizácie zákona NR SR č.193/1994 Z.z. o prídavkoch na deti a o príplatku k prídavkom na deti. Zákon nadobúda účinnosť 1. júlom 1995. 
610 2 0 |a zákony 
610 2 0 |a prídavky na deti 
610 2 0 |a Slovensko 
610 2 0 |a 1994-1995 
100 1 |a Preisinger, M.